000 00676nam0a22002531 4500
001 RU\NLR\INFOCOMM5\ROSSICA\1000296125
005 20250613191734.0
035 _a(NLR Aleph) 009939960
090 _a10758023
_c10758023
100 _a20030521d1822 |||y0rusy50 ca
101 0 _ager
102 _aRU
105 _ay ||||000ay
200 1 _aZwei Aufschriften der Stadt Olbia
_fHeinr. C. Ernst Köhler
210 _aSt.Petersburg
_d1822
215 _d
700 1 _aKöhler
_bH.C.E.
_gHeinr. C. Ernst
_4070
801 1 _aRU
_bInfoComm
_c20030521
801 0 _aRU
_bNLR
_gPSBO
852 _aNLR
_j13.18.4.184
942 _cBOOK
980 _aNB
980 _aRossica